书目信息 |
| 题名: |
地铁轻轨线路设计
|
|
| 作者: | 欧阳全裕 编著 | |
| 分册: | ||
| 出版信息: | 北京 中国建筑工业出版社 2016.09 |
|
| 页数: | 15,172页 | |
| 开本: | 26cm | |
| 丛书名: | 市政工程设计常用资料系列丛书 | |
| 单 册: | ||
| 中图分类: | U231 | |
| 科图分类: | ||
| 主题词: | 地下铁道--铁路线路--设计 , 轻轨铁路--铁路线路--设计 | |
| 电子资源: | ||
| ISBN: | 978-7-112-19531-2 | |
| 000 | 00979oam2 2200277 450 | |
| 001 | 0100003963 | |
| 005 | 20190306142854.12 | |
| 010 | @a978-7-112-19531-2@dCNY43.00 | |
| 100 | @a20160918d2016 em y0chiy50 ea | |
| 101 | 0 | @achi |
| 102 | @aCN@b110000 | |
| 105 | @aak z 000yy | |
| 200 | 1 | @a地铁轻轨线路设计@Adi tie qing gui xian lu she ji@f欧阳全裕编著 |
| 205 | @a2版 | |
| 210 | @a北京@c中国建筑工业出版社@d2016.09 | |
| 215 | @a15,172页@c图@d26cm | |
| 225 | 2 | @a市政工程设计常用资料系列丛书 |
| 330 | @a本书紧密结合地铁、轻轨线路特点和工程实际,共分四章十三节,分别介绍线路总体设计原则、线路平面、纵断面、轨道、路基的技术标准、设计原则、设计方法、步骤及注意事项等。 | |
| 333 | @a地下铁道研究人员 | |
| 410 | 0 | @12001 @a市政工程设计常用资料系列丛书 |
| 606 | 0 | @a地下铁道@x铁路线路@x设计 |
| 606 | 0 | @a轻轨铁路@x铁路线路@x设计 |
| 690 | @aU231@v5 | |
| 701 | 0 | @a欧阳全裕@Aou yang quan yu@4编著 |
| 801 | 0 | @aCN@c201701015 |
| 905 | @a河南城建学院图书馆@dU231@eO538=2 | |
| 地铁轻轨线路设计/欧阳全裕编著.-2版.-北京:中国建筑工业出版社,2016.09 |
| 15,172页:图;26cm.-(市政工程设计常用资料系列丛书) |
| 使用对象:地下铁道研究人员 |
| ISBN 978-7-112-19531-2:CNY43.00 |
| 本书紧密结合地铁、轻轨线路特点和工程实际,共分四章十三节,分别介绍线路总体设计原则、线路平面、纵断面、轨道、路基的技术标准、设计原则、设计方法、步骤及注意事项等。 |
| ● |
| 相关链接 |
|
|
|
正题名:地铁轻轨线路设计
索取号:U231/O538=2
 
预约/预借
| 序号 | 登录号 | 条形码 | 馆藏地/架位号 | 状态 | 备注 |
| 1 | 1305888 | 213058885 | 自科库501/501自科库 49排6列2层/ [索取号:U231/O538=2] | 在馆 | |
| 2 | 1360905 | 213609059 | 土木与交通工程学院资料室/土木与交通学院资料室 1排1列1层/ [索取号:U231/O538=2] | 在馆 | |
| 3 | 1360906 | 213609068 | 自科库501/501自科库 49排6列2层/ [索取号:U231/O538=2] | 在馆 |